| 000 | 00416nam a2200133Ia 4500 | ||
|---|---|---|---|
| 008 | 230801s9999||||xx |||||||||||||| ||und|| | ||
| 020 | _a9789812042279 | ||
| 082 |
_a658.4092 _bC4541 |
||
| 100 | _aChan, Teng Heng | ||
| 245 | 0 | _aAccess the minds of CEOs: powerful quotes, success strategies, outthink & outflank competition | |
| 260 |
_aSingapore _bMarshall Cavendish Business _c2000 |
||
| 300 | _a144 p. | ||
| 942 | _cBK | ||
| 999 |
_c27025 _d27025 |
||